000 00453nam a2200169 4500
001 12757
005 20230410132658.0
008 060907n2000 dr spa
020 _a0789305216
035 _9funglode12858
041 _aEN
050 1 4 _aPS 509 N532 2000
245 0 _aNew York, New York :
_bthe city in art and litereture
260 _aHong Kong :
_bThe Metropolitan Museum Of Art,
_c2000
300 _a141 p.
942 _2lcc
_cbk
999 _c85809
_d85809